| 000 | 01281cam a22003011i 4500 | ||
|---|---|---|---|
| 003 | SA-RiAUC | ||
| 005 | 20250803053707.0 | ||
| 008 | 250722s1997 su g 000 0 ara c | ||
| 040 |
_aSA-RIMASH _bara _cSA-RiAUC _erda |
||
| 041 | 1 |
_aara _hund |
|
| 050 | 4 | _bK67 1997 | |
| 082 | 0 | 4 | _a217.2 |
| 090 |
_a217.2 _bك و ب |
||
| 100 | 1 |
_aكوبر، لي ديفيد _eمؤلف. |
|
| 245 | 1 | 2 |
_aالحركة الوهابية في عيون الرحالة الأجانب / _cلي ديفيد كوبر، جورج رينتز ؛ ترجمة وتعليق عبد الله بن ناصر الوليعي. |
| 250 | _aالطبعة الأولى. | ||
| 264 | 1 |
_aالرياض : _bجامعة الإمام محمد بن سعود، _c1997 |
|
| 300 |
_a199 صفحة ؛ _c24 سم |
||
| 336 |
_aنص _btxt _2rdacontent _3كتاب |
||
| 337 |
_aبدون وسيط _bn _2rdamedia |
||
| 338 |
_aمجلد _bnc _2rdacarrier |
||
| 650 | 7 |
_aالوهابية _2aucsh |
|
| 650 | 7 |
_aالإسلام _xحركات الإحياء والإصلاح والتجديد _2aucsh |
|
| 700 | 1 |
_aرنتز، جورج، _d1912-1987 _eمؤلف. |
|
| 700 | 1 |
_aالوليعي، عبد الله بن ناصر بن علي، _d1373 هجري- _eمترجم. |
|
| 942 |
_2ddc _cBOOK _n0 |
||
| 949 |
_aSA-JeALM _d250722 _umohamedma123 _n1 |
||
| 999 |
_c10467 _d10467 |
||